Nâng cấp và sửa chữa máy tính
Giới thiệu tổng quát về việc nâng cấp và sửa chữa hệ thống máy tính từ việc chăm sóc thành phần và hệ thống đúng cách và cách định vị và nhân dạng phần hư hỏng để tìm hiểu nguyên nhân sự cố và cách để sửa chữa chúng....
Sparad:
| Huvudupphovsman: | |
|---|---|
| Övriga upphovsmän: | |
| Materialtyp: | Bok |
| Språk: | Undetermined |
| Publicerad: |
Đà Nẵng
Đà Nẵng
2012
|
| Ämnen: | |
| Länkar: | http://lrc.tdmu.edu.vn/opac/search/detail.asp?aID=2&ID=20639 |
| Taggar: |
Lägg till en tagg
Inga taggar, Lägg till första taggen!
|
| Thư viện lưu trữ: | Trung tâm Học liệu Trường Đại học Thủ Dầu Một |
|---|
| LEADER | 01175nam a2200217Ia 4500 | ||
|---|---|---|---|
| 001 | TDMU_20639 | ||
| 008 | 210410s9999 xx 000 0 und d | ||
| 082 | |a 004.16 | ||
| 090 | |b M506 | ||
| 100 | |a Muellerr, Scott | ||
| 245 | 0 | |a Nâng cấp và sửa chữa máy tính | |
| 245 | 0 | |c Scott Mueller; Hầ Thị Dung Nhân (dịch); Lê Đình Việt Hải (hiệu đính) | |
| 260 | |a Đà Nẵng | ||
| 260 | |b Đà Nẵng | ||
| 260 | |c 2012 | ||
| 300 | |a 1220 | ||
| 520 | |a Giới thiệu tổng quát về việc nâng cấp và sửa chữa hệ thống máy tính từ việc chăm sóc thành phần và hệ thống đúng cách và cách định vị và nhân dạng phần hư hỏng để tìm hiểu nguyên nhân sự cố và cách để sửa chữa chúng. | ||
| 650 | |a Phần cứng; Phần mềm; Công suất; Máy vi tính |x Nâng cấp và sửa chữa | ||
| 700 | |a Hà, Thị Dung Nhân | ||
| 856 | |u http://lrc.tdmu.edu.vn/opac/search/detail.asp?aID=2&ID=20639 | ||
| 980 | |a Trung tâm Học liệu Trường Đại học Thủ Dầu Một | ||